000 nam a22 7a 4500
999 _c127200
_d127200
008 171108b xxu||||| |||| 00| 0 eng d
050 _aB128.M324 S48 1997
100 _aShun, Kwong-loi
_937456
245 _aMencius and early chinese thouht
_c/ Shun, Kwong-loi
260 _aStanford University Press
_bStanford, Carlifonia
_c1997
300 _axiii, 295p. ;
_c23cm.
650 _aMencius
_937457
650 _aPhilosophy, Chinese
_yTo 221BC
_937458
942 _2lcc
_cMONOGRAPH